000 00763nam a2200205Ia 4500
005 20241129111305.0
008 241129s9999||||xx |||||||||||||| ||und||
037 _aTB
040 _aCRL
_bpun
_cCRL
041 _apun
_2pun
084 _aV2:51 153Q7
_qCRL
100 _aਮਲਹੋਤਰਾ, ਆਂਚਲ, ਚ।
245 0 _aਬਟਵਾਰੇ ਦੀ ਕਹਾਣੀ ਵਸਤਾਂ ਦੀ ਜ਼ੁਬਾਨੀ
_cਮਲਹੋਤਰਾ, ਆਂਚਲ, ਚ।
260 _aਚੰਡੀਗੜ੍ਹ, ਭਾਰਤ
_bਚੰਡੀਗੜ੍ਹ ਲੋਕਗੀਤ ਪ੍ਰਕਾਸ਼ਨ
_c2021
300 _a384ਪ੍ਰ0
365 _aINR
_b400
650 _aIndian HistoryFreedom Struggle
942 _cTB
_hV2:51 153Q7
999 _c1229769
_d1229769